Poistenie zodpovednosti za škodu miest a obcí

Poistenie zodpovednosti za škodu miest a obcí predstavuje špecifický produkt poistenia zodpovednosti za škodu. Poistná terminológia. Náležitosti poistnej zmluvy. Rozsah poistenia - poistné riziká. Výluky z poistenia. Základné povinnosti poisteného. Oznámenie poisteného o vzniku poistnej udalosti. Ka...

Descrizione completa

Salvato in:
Dettagli Bibliografici
Autore principale: Kašiar, Ján
Natura: Capitolo di libro
Lingua:slovacco
Soggetti:
Tags: Aggiungi Tag
Nessun Tag, puoi essere il primo ad aggiungerne!!

MARC

LEADER 00000naa$a2200000$$$4500
001 0106124
005 20231120114043.2
041 0 |a slo 
044 |a SK 
245 1 0 |a Poistenie zodpovednosti za škodu miest a obcí  |c Ján Kašiar 
520 |a Poistenie zodpovednosti za škodu miest a obcí predstavuje špecifický produkt poistenia zodpovednosti za škodu. Poistná terminológia. Náležitosti poistnej zmluvy. Rozsah poistenia - poistné riziká. Výluky z poistenia. Základné povinnosti poisteného. Oznámenie poisteného o vzniku poistnej udalosti. Každá zmena poistenia musí byť písomne dohodnutá. 
610 2 0 |a poistenie zodpovednosti za škody 
610 2 0 |a mestá 
610 2 0 |a obce 
610 2 0 |a terminológia 
610 2 0 |a zmluvy poistné 
610 2 0 |a riziko poistné 
610 2 0 |a poistenci 
100 1 |a Kašiar, Ján